000 00357 a2200169 4500
001 186510
020 _a85-7311-996-9
040 _cMagnum
100 _aPonte- Menéndez Maria
240 1 0 _aA noite de reis
_lpor
245 1 0 _aA noite de reis
300 _a21
362 0 _a1999
440 1 _aPaulinas
697 _aLITERATURA INFANTIL
942 _cBK
999 _c186510
_d186510